02600nam a2200361uu 4500001000800000005001700008007001000025008004100035035001200076040001300088041000800101080001000109100004400119245021800163260004300381300001300424520132000437650002701757650004301784650002701827650004301854650003901897650002601936650002701962650002901989650002902018650003302047650003002080650001502110650002702125700004302152700004302195118023120260507135011.0co|||||||091123e20091123 spa  a1180231 ccomduadb aspa aQP/CD10aGomez Monsalve, Lady Cristina4auteaut10aAcompañamiento social al grupo de animadores comunitarios del proyecto complementación nutricional a la primera infancia en la Fundación Solidaridad por Colombia - regional Antioquia agosto 2008 - mayo 2009 aMedellín :b[sin publicador],c2009. a1 CD-ROM3 aLa Fundación Solidaridad por Colombia- Regional Antioquia es una institución privada cuyo propósito es ayudar a mejorar la calidad de vida de la niñez y las familias más vulnerables de la región, en sus 29 años de presencia en el departamento, ha aportado al desarrollo de las comunidades adelantando proyectos en las áreas de, rehabilitación de comunidades, medio ambiente, formación y nutrición. La atención integral es su principal objetivo, de ahí que en el proyecto "complementación nutricional a la primera infancia" del Programa Buen Comienzo se haya articulado la recuperación nutricional y la formación a los animadores comunitarios. En este proyecto se inscribió el proceso de práctica, con la finalidad de apoyar el proceso formativo de los animadores comunitarios como replicadores de mensajes formativos a las familias y/o acudientes de los niños y niñas beneficiarios, enmarcado en un plan educativo que obedece a la política pública y educativa de primera infancia y además, para realizar la inscripción de niños a ser beneficiados, verificar la entrega del complemento nutricional a los menores y la multiplicación de la información a los padres y acudientes. Dicha intervención se realizó desde el mes de agosto de 2008 hasta mayo de 2009 aInformes de práctica aInformes de practica de trabajo social aPráctica académica aPractica profesional en trabajo social aFundacion Solidaridad por Colombia aIntervención social aAtención nutricional aCapacitacion nutricional aCrecimiento y desarrollo 7aTrabajo social con niños2 aTrabajo social con madres aAnimadores aLíderes comunitarios10aIsaza Cruz, Claudia Patricia4thseths10aOrrego Cordoba, Angela Maria4thseths